• 首页
  • 本馆介绍
  • 公告通知
  • 最新文献
  • 馆藏检索
  • 电子资源
  • 读者导购
  • 参考咨询
  • 我的图书馆
  • 登录
  • 详细信息显示
  • 放入我的书架
  • 预约/预借图书
  • 作者相关作品
  • 分类相关作品
  • 丛书相关作品
  • 出版社相关作品

书目信息

  • 表格格式
  • 工作单格式
  • 卡片格式
题名:
摄影镜头的使用技巧
    
 
作者: 沙占祥 著
分册:  
出版信息: 北京   中国摄影出版社  1991
页数: 444页
开本: 19cm
丛书名:
单 册:
中图分类: TB851
科图分类:
主题词: 摄影--机具 , 摄影--设备
电子资源:
ISBN: 7-80007-080-8
000 00560nam0 2200193 450
001 0735592734
005 20070906095312.73
010    @a7-80007-080-8@d¥25.00
100    @a20070906d km y0chiy0120 ea
101 0  @achi
200 1  @a摄影镜头的使用技巧@Ashe ying jing tou de shi yong ji qiao@f沙占祥著@Fsha zhan xiang zhu
210    @a北京@c中国摄影出版社@d1991
215    @a444页@d19cm
606 0  @a摄影@x机具
606 0  @a摄影@x设备
690    @aTB851@v3
701  0 @a沙占祥@Asha zhan xiang@4著
801  0 @aCN@bPFT@c20070906
905    @a213230@dTB851@ep14@f1
    
    摄影镜头的使用技巧/沙占祥著.-北京:中国摄影出版社,1991
    444页;19cm
    
    
    ISBN 7-80007-080-8:¥25.00
    
●
相关链接 在E读中查询图书 在五车中查询图书 在当当中查询图书 在豆瓣中查询图书


正题名:摄影镜头的使用技巧     索取号:TB851/p14         预约/预借

序号 登录号 条形码 馆藏地/架位号 状态 备注
1 7202450   272024490   密集书库-物理学院/ [索取号:TB851/p14] 在馆    
2 7202451   272024506   密集书库-物理学院/ [索取号:TB851/p14] 在馆    
3 7202452   272024515   密集书库-物理学院/ [索取号:TB851/p14] 在馆    
唐山师范学院图书馆 欢迎您!
大连网信软件有限公司© 版权所有